000 01166cam a2200337 i 4500
001 013508312
003 EG-ScBUE
005 20250113094311.0
008 060704s2007 cauac f b 001 0 eng d
020 _a0321442849 (pbk.)
020 _a9780321442840
040 _aStDuBDS
_beng
_erda
_cStDuBDS
_dUk
_dEG-ScBUE
082 0 4 _a523.01
_bCAR
_222
100 1 _aCarroll, Bradley W.,
_eauthor.
245 1 3 _aAn introduction to modern astrophysics /
_cBradley W. Carroll, Weber State University, Dale A. Ostlie, Weber State University.
250 _aSecond edition.
250 _aPearson international edition.
264 1 _aSan Francisco ;
_aLondon :
_bPearson Addison Wesley,
_c[2007]
264 4 _cc2007
300 _a1 volume (various pagings) :
_billustrations, portaits ;
_c24 cm
336 _2rdacontent
_atext
_btxt
337 _aunmediated
_2rdamedia
_bn
338 _avolume
_bnc
_2rdacarrier
500 _aPrevious ed. : 1996.
504 _aIncludes bibliographical references and index.
650 7 _aAstrophysics.
_2BUEsh
653 _bENGGEN
_cMarch2015
655 _vReading book
_934232
700 1 _aOstlie, Dale A.,
_eauthor.
942 _2ddc
_cBB
999 _c19059
_d19031